<?xml version="1.0" encoding="UTF-8"?><?xml-stylesheet type="text/xsl" href="static/style.xsl"?><OAI-PMH xmlns="http://www.openarchives.org/OAI/2.0/" xmlns:xsi="http://www.w3.org/2001/XMLSchema-instance" xsi:schemaLocation="http://www.openarchives.org/OAI/2.0/ http://www.openarchives.org/OAI/2.0/OAI-PMH.xsd"><responseDate>2026-04-27T21:23:21Z</responseDate><request verb="GetRecord" identifier="oai:uvadoc.uva.es:10324/19976" metadataPrefix="marc">https://uvadoc.uva.es/oai/request</request><GetRecord><record><header><identifier>oai:uvadoc.uva.es:10324/19976</identifier><datestamp>2021-06-29T16:30:26Z</datestamp><setSpec>com_10324_38</setSpec><setSpec>col_10324_852</setSpec></header><metadata><record xmlns="http://www.loc.gov/MARC21/slim" xmlns:doc="http://www.lyncode.com/xoai" xmlns:xsi="http://www.w3.org/2001/XMLSchema-instance" xmlns:dcterms="http://purl.org/dc/terms/" xsi:schemaLocation="http://www.loc.gov/MARC21/slim http://www.loc.gov/standards/marcxml/schema/MARC21slim.xsd">
<leader>00925njm 22002777a 4500</leader>
<datafield tag="042" ind1=" " ind2=" ">
<subfield code="a">dc</subfield>
</datafield>
<datafield tag="720" ind1=" " ind2=" ">
<subfield code="a">Muñoz Garachana, María</subfield>
<subfield code="e">author</subfield>
</datafield>
<datafield tag="260" ind1=" " ind2=" ">
<subfield code="c">2016</subfield>
</datafield>
<datafield tag="520" ind1=" " ind2=" ">
<subfield code="a">El proyecto fin de grado titulado "Industria galletera en el polígono San Antolín de Palencia" es la construcción de una nave industrial, destinada a la elaboración de diversos tipos de galletas, Galletas María, Galletas María Integrales y por último galletas María Bajas en azúcares; a partir de diversas materias primas y aditivos, cumpliendo la normativa vigente.&#xd;
Teniendo gran aceptación en el consumidor ya que es un producto de consumo muy básico.&#xd;
La industria poseerá todo tipo de instalaciones, maquinaria y personal para el correcto&#xd;
funcionamiento de ella.&#xd;
La construcción se realizará en zona urbanizable, en una parcela perteneciente al polígono&#xd;
industrial de Palencia, llamado San Antolín.</subfield>
</datafield>
<datafield tag="024" ind2=" " ind1="8">
<subfield code="a">http://uvadoc.uva.es/handle/10324/19976</subfield>
</datafield>
<datafield ind1=" " ind2=" " tag="653">
<subfield code="a">Galletas-Fábricas-España-Palencia</subfield>
</datafield>
<datafield tag="245" ind1="0" ind2="0">
<subfield code="a">Proyecto de una industria galletera en el polígono San Antolín de Palencia</subfield>
</datafield>
</record></metadata></record></GetRecord></OAI-PMH>